000
00293nam a2200097Ia 4500
008
171204s9999 xx 000 0 und d
245
_a
Entrepreneurial Marketing: Global Perspectives
260
_c
2013
650
_x
MARKETING MANAGEMENT
856
_u
http://down.ebook777.com/027/EntMarGloPer.pdf
999
_c
347048
_d
347048